Countries with pumas - Statistics

General Stats
  • This quiz has been taken 29 times
  • The average score is 19 of 22
Answer Stats
Answer % Correct
United States
100%
Brazil
96%
Canada
96%
Argentina
92%
Mexico
92%
Belize
88%
Chile
88%
Colombia
88%
Ecuador
88%
Guatemala
88%
Honduras
88%
Venezuela
88%
Bolivia
83%
Nicaragua
83%
Paraguay
83%
Peru
83%
Costa Rica
79%
El salvador
79%
Panama
79%
Suriname
79%
Guyana
75%
France
63%
No matching quizzes found
Score Distribution
Percent of People with Each Score
Percentile by Number Answered
Your Score History
You have not taken this quiz